| 000 | 03305 a2200205 4500 | ||
|---|---|---|---|
| 001 | 54203 | ||
| 005 | 20260407155812.0 | ||
| 008 | 260407a1970 arg spa d | ||
| 003 | AR-UNSa-BCEJYS | ||
| 040 |
_aAR-UNSa-BCEJYS _bspa _cAR-UNSa-BCEJYS |
||
| 080 |
_a330.8 _xHistoria de las teorías, Doctrinas, Dogmas económicos (pensamiento económico) |
||
| 245 | 1 | 0 | _aHistoria del pensamiento económico |
| 264 | 1 |
_aBarcelona : _bEdiciones Ariel _c1970 |
|
| 300 |
_a615 p. _c23 cm. |
||
| 505 | _aPrimera Parte: EL IDEALISMO POLITICO Y ECONOMICO EN LA FILOSOFIA GRIEGA Y SU DECADENCIA: 1. Platón: la organización económica, instrumento de la salvación de las almas – 2. Aristóteles: la organización económica adaptada a la finalidad propia del ser humano – 3. La decadencia del pensamiento político y económico en el mundo romano y en la Edad Media - - Segunda Parte: EL NACIMIENTO DE LA ECONOMIAPOLITICA Y LA AFIRMACION DE LA DOCTRINA LIBERAL: 1. Mercantismo y utopismo en la época del Renacimiento – 2. La primera critica al mercantilismo – 3. Quesnay y la fisiocracia – 4. Adam Smith – 5. Dos tentativas de construcción de una ciencia basada en la noción de utilidad. Condillac y Bentham - - Tercera Parte: LOS PRIMEROSCONSTRUCTORES DE LA DOCTRINA SOCIALISTA: 1. El comunismo naturalista en Francia en el siglo XVIII – 2. La restauración del idealismo social: Jean-Jacques Rousseau – 3. La oposición a la fisiocracia en el abate de Mably – 4. El utilitarismo socialista de William Godwim – 5. El socialismo de Fichte - - Cuarta Parte: LA ECONOMIA POLITICA ANTE LOS EFECTOS DE LA REVOLUCION INDUSTRIAL: 1. Las consecuencias de la revolución industrial sobre la situación de los trabajadores ingleses del siglo XVIII – 2. La demostración de la utilidad de la miseria por Malthus – 3. El optimismo de Jean-Baptiste Say – 4. La economía política ricardiana – 5. La teoría del crecimiento económico en Malthus - - Quinta Parte: LOS PRINCIPALES PENSADORES SOCIALISTAS DEL SIGLO XIX: 1. El socialismo asociacionista – 2. El socialismo tecnocrático: Saint-Simón y sus discípulos – 3. Los socialistas “ricardianos” – 4. Pierre-Joseph Proudhon – 5. La filosofía política de Hegel – 6. El pensamiento de Carlos Marx - - Sexta Parte: LA ECONOMIA POLITICA NEOCLASICA: 1. Critica de la economía política clásica (1820-1870) – 2. La nueva teoría del valor y de la distribución de la renta – 3. La erosión del sistema neoclásico - - Séptima Parte: LA EVOLUCION GENERAL DEL PENSAMIENTO ECONOMICO EN LA EPOCA DEL RECRUDECIMIENTO DEL IMPERIALISMO DE LAS GUERRAS MUNDIALES Y DE LA APARICION DEL SOCIALISMO (1875-1945): 1. La evolución económica y social – 2. La doctrina socialista ante la prueba de los hechos – 3. La formación de la doctrina del fascismo – 4. El liberalismo Keynesiano - - Octava Parte: PANORAMAS DE LOS GRANDES EJES DE DESARROLLO DEL PENSAMIENTO ECONOMICO EN EL MUNDO ACTUAL: 1. La investigación teórica en los países occidentales – 2. Los recientes desarrollos del pensamiento económico en la Unión Soviética – 3. La discusión sobre las transformaciones y el futuro del sistema capitalista. | ||
| 041 | _aspa | ||
| 942 | _cBK | ||
| 590 | _aniveau_biblio:m niveau_hierar:0 | ||
| 100 | 1 | _aDenis, Henri | |
| 999 |
_c5374 _d5374 |
||